Derecho constitucional comparado
Uloženo v:
| Hlavní autor: | |
|---|---|
| Médium: | Kniha |
| Jazyk: | španělština |
| Vydáno: |
Madrid
Alianza
1999
|
| Vydání: | 1a. ed |
| Edice: | Manuales. Ciencias Sociales
|
| Témata: | |
| On-line přístup: | Disponible Online Cap 2 parte 1 / Cap 6 parte 2 |
| Tagy: |
Přidat tag
Žádné tagy, Buďte první, kdo vytvoří štítek k tomuto záznamu!
|
MARC
| LEADER | 00000nam a2200000 a 4500 | ||
|---|---|---|---|
| 001 | UCL8126 | ||
| 003 | CL-VaPUC | ||
| 005 | 20231103122115.0 | ||
| 008 | 040611e19990000SP |||||||||||||||||spa|d | ||
| 999 | |c 309577 |d 309575 | ||
| 020 | |a 8420686999 | ||
| 040 | |c Pontificia Universidad Católica de Valparaíso | ||
| 082 | 0 | 4 | |a 342 |b GAR |2 21 |
| 100 | |a García-Pelayo, Manuel |e author |9 486087 | ||
| 245 | 1 | 0 | |a Derecho constitucional comparado |
| 250 | |a 1a. ed | ||
| 260 | |a Madrid |b Alianza |c 1999 | ||
| 300 | |a 636 p | ||
| 490 | 0 | |a Manuales. Ciencias Sociales | |
| 583 | |a last modification |c 20040611 00:00:00 |k Rodrigo Vera | ||
| 650 | 0 | |a Constituciones |9 255417 | |
| 650 | 7 | |a TEORIA |2 CL-VaPUC |9 486088 | |
| 650 | 0 | |a Formas de gobierno |9 255257 | |
| 650 | 0 | |a Historia constitucional |9 256052 | |
| 650 | 0 | |a Historia |9 255047 | |
| 651 | 0 | |a Estados Unidos |9 255178 | |
| 651 | 0 | |a Gran Bretaña |9 256767 | |
| 651 | 0 | |a Suiza |9 256768 | |
| 651 | 0 | |a Unión Soviética |9 256769 | |
| 856 | |u http://bibliografiadigital.pucv.cl/index.php/bibliotecapucv/catalog/book/956 |y Disponible Online Cap 2 parte 1 / Cap 6 parte 2 | ||
| 942 | |c BK |2 ddc | ||
| 945 | |d 20040611 00:00:00 |a cmena | ||
| 952 | |0 0 |1 0 |4 0 |6 342_000000000000000_GAR_1999 |7 0 |8 A |9 377102 |a BIBDER |b BIBDER |d 2019-11-21 |i 4021622 |l 1 |m 3 |o 342 GAR 1999 |p 4021622 |q 2025-12-31 |r 2021-07-27 |s 2021-07-27 |w 2019-11-21 |y BK |k DER | ||